00397pab a2200133 454500008003600000100002000036245005600056362002800112650002900140650001900169650002000188700002200208773003300230180718b xxu||||| |||| 00| 0 eng d aRani S.Isabella aRural industrialisation - the case of coir industry a12(5), Sep 93, p.523-31 a Rural Industrialisation a Coir Industry aIndustry, Rural aKrishnamoorthy S. aJournal of Rural Development